Normale Ansicht MARC-Ansicht ISBD

Die Neue Mauer : (Titelsatznr. 73355)

[ MARC ]
MARC-Details
000 -Satzkennung
Kontrollfeld mit fester Länge 01397nam a22003373i 4500
001 - Kontrollnummer
Kontrollfeld EBC32270425
003 - Kontrollnummer Identifier
Kontrollfeld MiAaPQ
005 - Datum und Zeit der letzten Transaktion
Kontrollfeld 20251205133730.0
007 - Feld mit fester Länge zur physischen Beschreibung - Allgemeine Information
Kontrollfeld mit fester Länge cr cnu||||||||
008 - Feld mit fester Länge zur physischen Beschreibung - Allgemeine Angaben
Kontrollfeld mit fester Länge 251205s2025 xx o ||||0 ger d
020 ## - Internationale Standardbuchnummer
Internationale Standardbuchnummer 9783406840333
Nähere Angaben (electronic bk.)
020 ## - Internationale Standardbuchnummer
Gelöschte/ungültige ISBN 9783406838316
040 ## - Katalogisierungsquelle
Original-Katalogisierungsstelle MiAaPQ
Katalogisierungssprache eng
Übertragungsstelle MiAaPQ
100 1# - Haupteintragung - Personenname
Personenname Kowalczuk, Ilko-Sascha.
Koha-Normdatenidentnummer 19022
245 14 - Titel
Titel Die Neue Mauer :
Zusatz zum Titel Ein Gespräch über Den Osten.
250 ## - Ausgabebezeichnung
Ausgabebezeichnung 1st ed.
264 #1 - Produktion, Veröffentlichung, Distribution, Herstellung und Urheberrechtsvermerk
Herstellungs-, Veröffentlichungs- Vertriebs-, Erzeugungsort München :
Produzent, Herausgeber, Distributor, Hersteller C.H. Beck,
Datum der Herstellung, der Veröffentlichung, des Vertriebs oder des Urheberschutzvermerks 2025.
264 #4 - Produktion, Veröffentlichung, Distribution, Herstellung und Urheberrechtsvermerk
Datum der Herstellung, der Veröffentlichung, des Vertriebs oder des Urheberschutzvermerks {copy}2025.
300 ## - Physische Beschreibung
Umfang 1 online resource (241 pages)
336 ## - Inhaltstyp
Inhaltstypterm Text
Inhaltstypcode txt
Quelle rdacontent
337 ## - Medientyp
Bezeichnung des Medientyps Computermedien
Medientypcode c
Quelle rdamedia
338 ## - Datenträgertyp
Datenträgertypbezeichnung Online Resource
Datenträgertypcode cr
Quelle rdacarrier
500 ## - Allgemeine Fußnote
Allgemeine Fußnote E-Book-ProQuest / Fernzugriff nach Registrierung möglich
520 ## - Fußnote zu Zusammenfassungen usw.
Fußnote zur Zusammenfassung usw. Vieles von dem, was nach 1990 im Osten schiefgelaufen ist, lässt sich aus Versäumnissen und Fehlern im Vereinigungsprozess erklären.Anderes geht auf überzogene Erwartungen und ein falsches Verständnis von Freiheit zurück.
655 ## - Indexierungsterm - Genre/Form
Genre/Form oder fokussierter Term Fernzugriff
Koha-Normdatenidentnummer 230
655 #4 - Indexierungsterm - Genre/Form
Genre/Form oder fokussierter Term
700 1# - Nebeneintragung - Personenname
Personenname Ramelow, Bodo.
Koha-Normdatenidentnummer 67889
776 08 - Andere physische Form
Verweisungsphrase Print version:
Haupteintragung Kowalczuk, Ilko-Sascha
Titel Die Neue Mauer
Ort, Verlag und Erscheinungsjahr München : C.H. Beck,c2025
Internationale Standardbuchnummer 9783406838316
856 40 - Elektronische Adresse und Zugriff
URL <a href="https://ebookcentral.proquest.com/lib/maxweberstiftung-ebooks/detail.action?docID=32270425">https://ebookcentral.proquest.com/lib/maxweberstiftung-ebooks/detail.action?docID=32270425</a>
OPAC-Notiz Volltext
942 ## - Zusätzliche Felder (Koha)
Koha-Medientyp E-Books
Exemplare
Ausgeschieden Verloren Klassifikation oder Aufstellungssystematik Beschädigt Nicht entleihbar Heimatbibliothek Aufenthaltsbibliothek Aufstellungsort Erwerbungsdatum Inventarnummer Signatur Barcode Letzte Aktivität Preis gültig von Koha-Medientyp
    Andere/Generische Klassifikation     MWN Osteuropa MWN Osteuropa Online-Ressource 05/12/2025 25-e01344 E-25-e01344 76274 05/12/2025 05/12/2025 E-Books